XIIa Feria Oficial e Internacional de Muestras de Barcelona : [10 - 25 Junio 1944] [10 - 25 Junio 1944]
Publicado:
Barcelona :I. G. Seix B. Barral Hnos :
1944
Descripción Física:
[18] p. : il. ; 21 cm
Materias:
Fira de Barcelona
MARC
| LEADER | 00000nam a2200000Ia 4500 | ||
|---|---|---|---|
| 001 | 21879 | ||
| 008 | 160829s1944 xx 000 0 cat d | ||
| 080 | |a FU-45-65 | ||
| 245 | |a XIIa Feria Oficial e Internacional de Muestras de Barcelona : |b [10 - 25 Junio 1944] | ||
| 260 | |a Barcelona :I. G. Seix B. Barral Hnos, |c 1944 | ||
| 300 | |a [18] p. : |b il. ; |c 21 cm | ||
| 590 | |a Prové de 4592, exp. 75 | ||
| 650 | |a Fira de Barcelona | ||
| 710 | 2 | |a Fira de Barcelona |9 55121 | |
| 856 | 4 | |u https://media.diba.cat/diba/fitxers/arxiu/fulletons/bib_21879_baixa.pdf |y Accés lliure | |
| 856 | 4 | |u https://media.diba.cat/diba/fitxers/arxiu/fulletons/bib_21879_baixa.pdf |y Accés lliure | |
| 901 | |a Arxiu | ||
| 942 | |n 1 |2 udc | ||
| 952 | |0 0 |1 0 |4 0 |6 FU4565 |7 1 |9 54241 |a Arxiu |b Arxiu |d 2016-12-01 |l 0 |o FU-45-65 |p 21879 |r 2016-12-01 00:00:00 |w 2016-12-01 |y ARXIU | ||
| 999 | |c 58110 |d 58110 | ||
| 900 | |a bib_21879_baixa.pdf | ||